000 00238nam a22001097a 4500
999 _c4404
_d4404
008 250217b ||||| |||| 00| 0 eng d
082 _a800
100 _aBEHRENT,SUE
_eAUTHOR
245 _aTILLY
260 _bONE THIRD STORIES
942 _2ddc